Statistiques concernant Toutes les chansons de la discographie de Zazie

Cliquez ici pour prendre le quiz!

Statistiques générales

  • Ce quiz a été pris 48 fois
  • Le résultat moyen est 33 sur 160

Statistiques - réponses

HintRéponse% Correct
Je suis un homme
96%
Zen
96%
Rodéo
83%
La zizanieRue de la paix
83%
Cyclo
71%
Totem
71%
Encore heureuxEncore heureux
67%
J'envoie valser
67%
Je, tu, ils
67%
Made in love
67%
Larsen
58%
La zizanie
58%
EssencielSpeed
58%
Un point c'est toi
54%
Let it shine
50%
Tout
50%
Couleur
46%
Tout le monde
46%
Adam et Yves
42%
TotemDes rails
42%
Gilles
42%
Made in loveTous des anges
42%
20 ans
38%
Ca
38%
J'étais là
38%
Homme sweet homme
33%
Lola majeure
33%
Pise
33%
Je, tu, ilsSucré salé
33%
Aux armes citoyennes
29%
Chanson d'ami
29%
L'essenciel
29%
Oui
29%
Ca fait mal et ça fait rien
25%
Cyber
25%
Danse avec les loops
25%
Etre et avoir
25%
Flower power
25%
Je ne sais pas
25%
Jet lag
25%
Nos âmes sont
25%
Si j'étais moi
25%
Toc toc toc
25%
Tout va bien
25%
Avant l'amour
21%
Aile-PCa commence
21%
Chanson d'amour
21%
Discold
21%
Femmes tefales
21%
Za7ie (recyclage)L'amour dollar
21%
CycloLes contraires
21%
Les poupées zarbies
21%
Lève toi
21%
Mademoiselle
21%
Na
21%
On éteint
21%
Si tu viens
21%
Sur toi
21%
Waterloo
21%
Amazone
17%
Dire ce qu'on danse
17%
Doolididom
17%
Double axel
17%
Duo
17%
Excuse-moi
17%
I love you all
17%
RodéoLa dolce vita
17%
La place du vide
17%
La preuve par trois
17%
La source
17%
Za7ie (ma quête)Les pieds nus
17%
Mobile homme
17%
Oui filles
17%
Petroleum
17%
Snowball
17%
Temps plus vieux
17%
Un petit peu amoureux
17%
Va chercher
17%
Adieu tristesse
13%
Au diable nos adieux
13%
C'est con, c'est quand
13%
Cheese
13%
Des astres
13%
Za7ie (on sort)Electro libre
13%
Faut pas s'y fier
13%
Garde la pose
13%
Gravité
13%
J'aime, j'aime pas
13%
Je vous aime
13%
Là où je vais
13%
La pluie et le beau temps
13%
Les gens passent
13%
Les lendemains qui déchantent
13%
L'heure H
13%
Lune et l'autre
13%
Ma story
13%
Où allons-nous ?
13%
Patatras
13%
Perchée
13%
Polygame
13%
Slow
13%
Veilleurs amis
13%
Vienne la nuit
13%
Vladivostok
13%
Yin Yang
13%
07 dec
8%
1, 2, 3 soleil
8%
A copier 100 fois
8%
Belleville plage
8%
Dans la lune
8%
ZenFou de toi
8%
Gomme
8%
Hissée haut
8%
J'arrive
8%
Je t'aime mais
8%
Je te tiens
8%
L'addition
8%
La la la
8%
L'ange blessé
8%
La vie devant moi
8%
Le dimanche
8%
Le fan de sa vie
8%
Za7ie (collectif)Le jour J
8%
L'oeil du cyclone
8%
On s'aima fort
8%
On y va (Let's go)
8%
Pas que beau
8%
Plus fort
8%
Prague 77
8%
Sauver le monde
8%
Sous le voile
8%
Stop
8%
Tais-toi
8%
Tais-toi et rap
8%
Tindfjöll
8%
Toi le cowboy, moi l'indien
8%
Tomber le masque
8%
Trodeshoz
8%
Une souris verte
8%
Vue du ciel
8%
Aïe love you
4%
A la terre
4%
Autant de peine que toi
4%
Avis au sexe fort
4%
Za7ie (les enfants)Bien au chaud
4%
Craque monsieur
4%
D'jamba
4%
Je tourne
4%
Les mots de faon
4%
Ma tribu
4%
Mon coeur à la science
4%
Nymphi
4%
Parmi les sirènes
4%
Pile ou face
4%
Qui m'aime me fuit
4%
Sait on jamais
4%
Za7ie (relaxation)SPA
4%
Transe siberian
4%
Valse à 7 temps
4%
Vibra massage
4%

Distribution des résultats

Percentile par nombre de réponses

% des personnes avec chaque résultat

Votre développement - résultats

Vous n’avez pas pris ce quiz